Bratislava pohľad z Petržalky na hrad (15. - 18. stor.; súčasná rekonštrukcia) : gotický dóm (z 13. až 15. stor.) a hotel Devín
Zobrazenie: pohľad na 2 lode kotviace pri brehu Dunaja
| Other Authors: | |
|---|---|
| Format: | Photo |
| Language: | Slovak Russian German |
| PhysicalDescription: | 1 pohľadnica čiernobiela 9 x 14 cm |
| Published: |
[Bratislava]
VPL
1964
|
| Subjects: |
MARC
| LEADER | 00000nkm a2200000 a 4500 | ||
|---|---|---|---|
| 001 | vtls011601190 | ||
| 003 | SK-MaSNL | ||
| 005 | 20260331210554.0 | ||
| 007 | kf bo | ||
| 008 | 231206s1964 xo g kuslo | ||
| 015 | |a SNBG1964 | ||
| 040 | |a SNK |b slo |c SNK |e AACR2 | ||
| 041 | 0 | |a slo |a rus |a ger | |
| 043 | |a e-xo--- | ||
| 044 | |a xo |c SK | ||
| 080 | |a 908(437.6) |2 2011 | ||
| 080 | |a (084.121) |2 2011 | ||
| 100 | 1 | |a Absolon |c (fotograf) |4 pht |9 294390 | |
| 245 | 1 | 0 | |a Bratislava |h grafika |b pohľad z Petržalky na hrad (15. - 18. stor.; súčasná rekonštrukcia) : gotický dóm (z 13. až 15. stor.) a hotel Devín |c Foto Absolon |
| 246 | 3 | 1 | |a Die Burg (15. - 18. Jh.; zeitgenössische Rekonstruktion) : der gotische Dom (13. - 15. Jh.) und das Hotel Devín von Petržalka gesehen |
| 260 | |a [Bratislava] |b VPL |c 1964 | ||
| 300 | |a 1 pohľadnica |b čiernobiela |c 9 x 14 cm | ||
| 520 | 8 | |a Zobrazenie: pohľad na 2 lode kotviace pri brehu Dunaja | |
| 546 | |a Súbežný názov aj v rus. a nem. | ||
| 651 | 7 | |a Bratislava (Slovensko) |2 SNKPH |9 14568 | |
| 655 | 7 | |a miestne pohľadnice |2 SNKPH |9 70510 | |
| 958 | |a GC | ||
| 958 | |a GBN | ||
| 958 | |a OND | ||
| 999 | |c 590513 |d 592443 | ||
| 952 | |a SNK |b SNK |y PREZ |7 0 |p 17A1242231 |o snkSP 35361 |0 0 |1 0 |4 0 |d 2016-12-22 |f 1 |l 0 |r 2026-02-23 15:22:42 |w 2026-02-23 | ||
| 952 | |a SNK |b SNK |y PREZ |7 0 |p 17A1242232 |o snkSP 35361 D1 |0 0 |1 0 |4 0 |d 2016-12-22 |l 0 |r 2026-02-23 15:22:42 |w 2026-02-23 | ||


